Celebridades da Internet #01 - Statistics

Estatísticas Gerais
  • Esse quiz foi jogado 294 vezes
  • A pontuação média é 9 de 20
Estatísticas das Respostas
Imagem Resposta % Correto
Casimiro
97%
Cellbit
90%
Diogo Defante
86%
Lucas Inutilismo
82%
Tio Orochi
69%
Felps
62%
Gaules
60%
Corbucci
48%
Coelho
42%
Goularte
42%
Cid Cidoso
36%
Saiko
34%
Gemaplys
24%
Luckhaos
23%
Cross
22%
Yayah
20%
Core
16%
Doazin
14%
Luide Matos
13%
Baka Gaijin
6%
Nenhum quiz correspondente encontrado
Distribuição das Pontuações
Porcentagem de Pessoas com Cada Pontuação
Percentil de Números Respondidos
Sua Pontuação Histórica
Você não jogou esse quiz